La poética de Lezama Lima: Muerte de Narciso / (Record no. 11524)

MARC details
000 -LEADER
campo de control de longitud fija 00897nam a22002535i 4500
001 - NÚMERO DE CONTROL
campo de control 11524
003 - IDENTIFICADOR DE NÚMERO DE CONTROL
campo de control ES-MaACL
005 - FECHA Y HORA DE LA ÚLTIMA TRANSACCIÓN
campo de control 20230906150123.0
007 - CAMPO FIJO DE DESCRIPCIÓN FÍSICA--INFORMACIÓN GENERAL
campo de control de longitud fija t|
008 - DATOS DE LONGITUD FIJA--INFORMACIÓN GENERAL
campo de control de longitud fija 940902s1994 sp ||||0| spa d
020 ## - NÚMERO INTERNACIONAL ESTÁNDAR DEL LIBRO
Número Internacional Estándar del Libro 84-338-1884-8
040 ## - FUENTE DE CATALOGACIÓN
Centro catalogador/agencia de origen M-BN
Lengua de catalogación spa
Centro/agencia transcriptor M-BN
080 ## - NÚMERO DE LA CLASIFICACIÓN DECIMAL UNIVERSAL
Número de la Clasificación Decimal Universal 860(729.1) Lezama Lima, José 7 Muerte de Narciso.08
100 1# - ENTRADA PRINCIPAL--NOMBRE DE PERSONA
Nombre de persona Correa Rodríguez, Pedro.
9 (RLIN) 40757
245 13 - MENCIÓN DEL TÍTULO
Título La poética de Lezama Lima: Muerte de Narciso /
Mención de responsabilidad, etc. Pedro Correa Rodríguez.
260 ## - PUBLICACIÓN, DISTRIBUCIÓN, ETC.
Lugar de publicación, distribución, etc. Granada :
Nombre del editor, distribuidor, etc. Servicio de Publicaciones de la Universidad,
Fecha de publicación, distribución, etc. 1994.
300 ## - DESCRIPCIÓN FÍSICA
Extensión 178 p ;
Dimensiones 21 cm.
490 1# - MENCIÓN DE SERIE
Mención de serie Monográfica. Crítica literaria ;
Designación de volumen o secuencia 176
600 14 - PUNTO DE ACCESO ADICIONAL DE MATERIA--NOMBRE DE PERSONA
Nombre de persona Lezama Lima, José.
Título de la obra Muerte de Narciso-
Subdivisión general Lenguaje.
9 (RLIN) 72120
710 2# - ENTRADA AGREGADA--NOMBRE DE ENTIDAD CORPORATIVA
Nombre de entidad corporativa o nombre de jurisdicción como elemento de entrada Universidad de Granada.
9 (RLIN) 7176
830 0# - PUNTO DE ACCESO ADICIONAL DE SERIE-TÍTULO UNIFORME
Título uniforme Monográfica. Crítica literaria ;
Designación de volumen o secuencia 176
9 (RLIN) 228198
852 ## - LOCALIZACIÓN
Ubicación ES-MaACL
Número de control de estantería L-18851
Sublocalización o colección R.124575
Holdings
Estatus retirado Estado de pérdida Estado de daño No para préstamo Biblioteca de origen Biblioteca actual Ubicación en estantería Fecha de adquisición Fuente de adquisición Total de préstamos Signatura topográfica completa Código de barras Visto por última vez Precio de reemplazo Tipo de ítem Koha
        Biblioteca del Ateneo de Madrid Biblioteca del Ateneo de Madrid Depósito 2 17/01/2008     L-18851 1011747 23/02/2023 23/02/2023 Libro impreso